000 00519nam a2200193Ia 4500
008 240509s9999 xx 000 0 und d
020 _a0008120317408
041 _aEng
082 _a004.21
082 _bR14
100 _aRAJARAMAN V.
245 0 _aSELF STUDY GUIDE TO ANALYSIS AND DESIGN OF INFORMATION SYSYTEMS :( With CD)
260 _bNEW DELHI : PRINTICE HALL
260 _c2001
300 _a227 p.
650 _aSYSTEM ANALYSIS : SYSTEMS DESIGN : INFORMATION SYSTEMS
942 _2ddc
942 _cLBK
999 _c21976
_d21976
945 _a1
_bMadushi Gamage
_c1
_dMadushi Gamage